logo

Bir Sreshtho Munshi Abdur Rouf Library
Jhenaidah Cadet College

একজন অতিমানবী / (Record no. 41)

MARC details
000 -LEADER
fixed length control field 00706nam a2200217 a 4500
001 - CONTROL NUMBER
JCCL Control Number 41
003 - CONTROL NUMBER IDENTIFIER
JCCL marc code BD-JhCC
005 - DATE AND TIME OF LATEST TRANSACTION
control field 20220814134022.0
008 - FIXED-LENGTH DATA ELEMENTS--GENERAL INFORMATION
fixed length control field 170924s2010 bg | |||| 000 0 ben d
035 ## - SYSTEM CONTROL NUMBER
system control number (BD-JhCC)41
040 ## - CATALOGING SOURCE
Original cataloging agency BD-JhCC
Transcribing agency BD-JhCC
Modifying agency BD-JhCC
041 ## - LANGUAGE CODE
Language code of Book ben
082 ## - DEWEY DECIMAL CLASSIFICATION NUMBER
DDC Edition number 23
Classification number 891.4437
Author mark and Year IQB 2010
100 ## - MAIN ENTRY--PERSONAL NAME
Personal name ইকবাল, মুহম্মদ জাফর
245 ## - TITLE STATEMENT
Title একজন অতিমানবী /
Statement of responsibility, etc মুহম্মদ জাফর ইকবাল.
260 ## - PUBLICATION, DISTRIBUTION, ETC. (IMPRINT)
Place of publication, distribution, etc ঢাকা ঃ
Name of publisher, distributor, etc সুমন প্রকাশন,
Date of publication, distribution, etc ২০১০
300 ## - PHYSICAL DESCRIPTION
Pagination ৭৯ পৃ. ;
Dimensions ২২ সেমি
650 ## - SUBJECT ADDED ENTRY--TOPICAL TERM
Topical term or geographic name as entry element Science Fiction, Bengali
942 ## - ADDED ENTRY ELEMENTS (KOHA)
Source of classification or shelving scheme Dewey Decimal Classification
Koha item type Books
Koha issues (borrowed), all copies 10
Holdings
Source of classification or shelving scheme Damaged status Not for loan Home library Current library Shelving location Date of accession Cost, normal purchase price Total Checkouts Full call number Barcode Date last seen Date checked out Copy number Koha item type Currency Method of acquisition
Dewey Decimal Classification     JCC Rouf Library JCC Rouf Library General Stacks 10/03/2017 100.00 6 891.4437 IQB 2010 1513 08/22/2022 08/14/2022 C-1 Books BDT  
Dewey Decimal Classification     JCC Rouf Library JCC Rouf Library General Stacks 02/07/2018 100.00 2 891.4437 IQB 2010 9795 03/28/2022 02/27/2022 C-2 Books BDT Purchase
Dewey Decimal Classification     JCC Rouf Library JCC Rouf Library General Stacks   100.00   891.4437 IQB 2010 19351 05/12/2024   C-3 Books BDT Purchase

JCC Library | Contacts | JCC Home

Last Update on 23 September 2017
Copyright @ 2017-2020 JCC Rouf Library
Rouf Library, Jhenidah Cadet College (JCC), Bangladesh